[Event "Muhiddinov Memorial"]
[Site "Tashkent"]
[Date "2015.11.15"]
[Round "3"]
[White "Chorshanbieva, Umida"]
[Black "Vul, Arkadi Eremeevich"]
[Result "0-1"]
[WhiteElo "2058"]
[BlackElo "2251"]
[PlyCount "118"]
[EventDate "2015.11.14"]
[EventType "tourn"]
[EventRounds "9"]
[EventCountry "UZB"]
[SourceTitle "CBM 169 Extra"]
[Source "ChessBase"]
[SourceDate "2015.12.18"]
[SourceVersion "1"]
[SourceVersionDate "2015.12.18"]
[SourceQuality "1"]

1. e4 e5 2. Nf3 Nc6 3. Bc4 Nf6 4. Ng5 d5 5. exd5 Nd4 6. c3 b5 7. cxd4 bxc4 8. Qa4+ Qd7 9. Qxc4 Qxd5 10. Qxd5 Nxd5 11. 0-0 exd4 12. Nf3 c5 13. Na3 f6 14. Nc4 Nb4 15. Ne1 Bf5 16. b3 Kd7 17. Ba3 Bd6 18. Bxb4 cxb4 19. Nf3 Bc5 20. Rac1 Rac8 21. Rfe1 Rhe8 22. Rxe8 Kxe8 23. Nxd4 Bxd4 24. Nd6+ Kd8 25. Nxc8 Bxc8 26. Rc4 Bb6 27. Rxb4 Ke7 28. a4 Kd6 29. Rh4 Bf5 30. b4 Kd5 31. a5 Bd4 32. Rh5 g5 33. g4 Bg6 34. Rh6 Kc4 35. h4 Kxb4 36. a6 Kb5 37. Kg2 Be5 38. Kf3 Kxa6 39. h5 Bc2 40. Ke2 Kb5 41. d3 a5 42. Rxh7 a4 43. h6 f5 44. Re7 Bd4 45. Kd2 a3 46. Kxc2 a2 47. Re1 fxg4 48. Kd2 Kc5 49. Ke2 Kd5 50. h7 a1Q 51. Rxa1 Bxa1 52. f3 g3 53. Kf1 Ke6 54. Kg2 Kf5 55. Kxg3 Bd4 56. Kh3 Kf4 57. Kg2 Bf6 58. Kf2 Bg7 59. Ke2 Bd4 0-1

[Event "Agzamov Memorial 05th"]
[Site "Tashkent"]
[Date "2011.03.18"]
[Round "1"]
[White "Kvon, Andrey"]
[Black "Chorshanbieva, Umida"]
[Result "1-0"]
[WhiteElo "2461"]
[BlackElo "2084"]
[PlyCount "85"]
[EventDate "2011.03.18"]
[EventType "swiss"]
[EventRounds "9"]
[EventCountry "UZB"]
[SourceTitle "CBM 141 Extra"]
[Source "ChessBase"]
[SourceDate "2011.05.03"]
[SourceVersion "1"]
[SourceVersionDate "2011.05.03"]
[SourceQuality "1"]

1. e4 e5 2. Nf3 Nc6 3. Bb5 a6 4. Ba4 Nf6 5. 0-0 Be7 6. Re1 b5 7. Bb3 0-0 8. c3 d5 9. d4 dxe4 10. Nxe5 Bb7 11. Bg5 Nxe5 12. dxe5 Nd7 13. Bf4 Nc5 14. Bg3 Qxd1 15. Bxd1 Rad8 16. Bc2 Rfe8 17. a4 Nd3 18. Re2 Bc5 19. b4 Bb6 20. Na3 Bc6 21. a5 Ba7 22. Rd1 Bb7 23. Red2 Nxf2 24. Bxf2 Rxd2 25. Bxa7 Rxd1+ 26. Bxd1 Rxe5 27. Be3 Bd5 28. Kf2 h6 29. Be2 Rf5+ 30. Ke1 Be6 31. Nc2 Rf6 32. Bd4 Rg6 33. Ne3 f5 34. Be5 c6 35. Bh5 Kh7 36. Bxg6+ Kxg6 37. Kf2 Kf7 38. g3 g5 39. Nc2 h5 40. Ke3 Bb3 41. Nd4 Bd5 42. h4 Kg6 43. Bc7 1-0

[Event "UZB-ch (Women)"]
[Site "Tashkent"]
[Date "2010.05.16"]
[Round "9"]
[White "Chorshanbieva, Umida"]
[Black "Khamrakulova, Iroda"]
[Result "1-0"]
[WhiteElo "2042"]
[BlackElo "2151"]
[PlyCount "88"]
[EventDate "2010.05.16"]
[EventType "tourn"]
[EventRounds "11"]
[EventCountry "UZB"]
[SourceTitle "EXT 2011"]
[Source "ChessBase"]
[SourceDate "2010.11.26"]
[SourceVersion "1"]
[SourceVersionDate "2010.11.26"]
[SourceQuality "1"]

1. e4 c6 2. d4 d5 3. exd5 cxd5 4. Nf3 Nf6 5. Nc3 g6 6. Bf4 a6 7. Qd2 Nc6 8. h3 h6 9. Ne5 Bg7 10. 0-0-0 Bf5 11. g4 Be6 12. Bg2 Rc8 13. Rde1 g5 14. Bg3 Qb6 15. Nxc6 Rxc6 16. f4 gxf4 17. Bxf4 Qd8 18. Kb1 b5 19. Be5 Rc4 20. Nd1 Rc6 21. Nf2 Kf8 22. Rhf1 Nd7 23. Bxg7+ Kxg7 24. Nd3 Nf6 25. Ne5 Rd6 26. Qf4 Rh7 27. h4 Kg8 28. Bf3 Ne8 29. Be2 Nf6 30. g5 hxg5 31. hxg5 Ne4 32. g6 fxg6 33. Nxg6 Bf7 34. Ne5 Rf6 35. Rg1+ Kf8 36. Nxf7 Kxf7 37. Qg4 e6 38. Bd3 Nf2 39. Qg3 Nxd3 40. Qxd3 Rhh6 41. Ref1 Qh8 42. Qg3 Rxf1+ 43. Rxf1+ Rf6 44. Qc7+ Ke8 1-0

[Event "UZB-ch (Women)"]
[Site "Tashkent"]
[Date "2010.05.16"]
[Round "10"]
[White "Hamrakulova, Yulduz"]
[Black "Chorshanbieva, Umida"]
[Result "1/2-1/2"]
[WhiteElo "2249"]
[BlackElo "2042"]
[PlyCount "88"]
[EventDate "2010.05.16"]
[EventType "tourn"]
[EventRounds "11"]
[EventCountry "UZB"]
[SourceTitle "EXT 2011"]
[Source "ChessBase"]
[SourceDate "2010.11.26"]
[SourceVersion "1"]
[SourceVersionDate "2010.11.26"]
[SourceQuality "1"]

1. d4 Nf6 2. Nf3 d5 3. c4 e6 4. g3 c5 5. cxd5 Nxd5 6. Bg2 Nc6 7. 0-0 Be7 8. dxc5 Bxc5 9. a3 0-0 10. Qc2 Be7 11. e4 Nf6 12. Rd1 Qa5 13. Nc3 Qh5 14. b4 a6 15. Bb2 e5 16. Nd5 Bg4 17. Qe2 Rad8 18. Qe3 Rfe8 19. Nxe7+ Rxe7 20. Rxd8+ Nxd8 21. Nd2 Nc6 22. f3 Bh3 23. Nc4 Bxg2 24. Kxg2 Rd7 25. Rc1 h6 26. h3 Ne8 27. g4 Qh4 28. Nxe5 Nxe5 29. Bxe5 Qe7 30. Bg3 Qe6 31. Rc2 Rd1 32. Qc3 Qd7 33. Qc8 Qb5 34. Qc4 Qa4 35. Qc3 Qb5 36. Qc4 Qa4 37. Ra2 Qd7 38. a4 Kh7 39. e5 g6 40. Bf2 Ng7 41. b5 axb5 42. axb5 h5 43. b6 hxg4 44. Qxg4 Qd3 1/2-1/2

[Event "UZB-ch (Woman)"]
[Site "Tashkent"]
[Date "2009.05.31"]
[Round "3"]
[White "Tokhirjanova, Hulkar"]
[Black "Chorshanbieva, Umida"]
[Result "1/2-1/2"]
[WhiteElo "2137"]
[BlackElo "2082"]
[PlyCount "89"]
[EventDate "2009.05.29"]
[EventType "tourn"]
[EventRounds "11"]
[EventCountry "UZB"]
[SourceTitle "CBM 130 Extra"]
[Source "ChessBase"]
[SourceDate "2009.07.02"]
[SourceVersion "2"]
[SourceVersionDate "2009.07.15"]
[SourceQuality "1"]

1. e4 e5 2. Nf3 Nc6 3. d4 exd4 4. c3 d5 5. exd5 Qxd5 6. cxd4 Nf6 7. Nc3 Bb4 8. Bd2 Bxc3 9. bxc3 0-0 10. Be2 Bg4 11. 0-0 Rad8 12. h3 Bh5 13. Be3 Rfe8 14. Re1 h6 15. Qc1 Bg6 16. c4 Qd7 17. d5 Nb4 18. Qc3 Nc2 19. Ne5 Rxe5 20. Qxe5 Re8 21. Qb2 Nxa1 22. Qxa1 Qd6 23. Bd4 b6 24. Bf3 Rxe1+ 25. Qxe1 Qf4 26. Qc3 Qd6 27. a4 a5 28. c5 bxc5 29. Bxc5 Qf4 30. Be3 Qxa4 31. Qxc7 Kh7 32. d6 Qa1+ 33. Kh2 Qe5+ 34. g3 a4 35. Qc5 Qxc5 36. Bxc5 Nd7 37. Bb4 Bf5 38. Bc6 g5 39. Bxa4 Kg6 40. Bc3 h5 41. Bd4 Be6 42. Kg2 f5 43. f4 g4 44. h4 Kf7 45. Kf2 1/2-1/2

[Event "UZB-ch (Woman)"]
[Site "Tashkent"]
[Date "2009.05.30"]
[Round "2"]
[White "Chorshanbieva, Umida"]
[Black "Khamrakulova, Iroda"]
[Result "1/2-1/2"]
[WhiteElo "2082"]
[BlackElo "2180"]
[PlyCount "101"]
[EventDate "2009.05.29"]
[EventType "tourn"]
[EventRounds "11"]
[EventCountry "UZB"]
[SourceTitle "CBM 130 Extra"]
[Source "ChessBase"]
[SourceDate "2009.07.02"]
[SourceVersion "2"]
[SourceVersionDate "2009.07.15"]
[SourceQuality "1"]

1. e4 c6 2. d4 d5 3. Nc3 dxe4 4. Nxe4 Nd7 5. Bd3 Ngf6 6. Nxf6+ Nxf6 7. Nf3 Bg4 8. Be3 e6 9. h3 Bh5 10. c3 Bd6 11. g4 Bg6 12. Qc2 Bxd3 13. Qxd3 Qa5 14. Qc4 Nd5 15. 0-0-0 Nxe3 16. fxe3 Qd5 17. Qxd5 cxd5 18. Rhe1 0-0 19. e4 dxe4 20. Rxe4 Rfd8 21. Kc2 Bf8 22. Rf1 Rd7 23. Ne5 Rc7 24. Kd3 Rac8 25. Re2 Bd6 26. Nf3 Rd7 27. Ng5 h6 28. Ne4 Be7 29. Nd2 Bf6 30. Nf3 Rc5 31. Nd2 Rcd5 32. Ne4 Bd8 33. Kc2 Bh4 34. Nd2 Rc7 35. Kb1 b5 36. Nf3 Bf6 37. Rc1 Kf8 38. h4 Be7 39. b3 Rd8 40. Kb2 b4 41. cxb4 Rxc1 42. Kxc1 Bxb4 43. Kb2 Rc8 44. Re3 Rc7 45. a3 Bd6 46. Ne5 Be7 47. Rf3 Bf6 48. Rf4 Ke8 49. Nf3 Be7 50. h5 Bf6 51. Re4 1/2-1/2

[Event "UZB-ch (Woman)"]
[Site "Tashkent"]
[Date "2009.05.29"]
[Round "1"]
[White "Orzikulova, Maftuna"]
[Black "Chorshanbieva, Umida"]
[Result "0-1"]
[WhiteElo "2030"]
[BlackElo "2082"]
[PlyCount "98"]
[EventDate "2009.05.29"]
[EventType "tourn"]
[EventRounds "11"]
[EventCountry "UZB"]
[SourceTitle "CBM 130 Extra"]
[Source "ChessBase"]
[SourceDate "2009.07.02"]
[SourceVersion "2"]
[SourceVersionDate "2009.07.15"]
[SourceQuality "1"]

1. e4 e5 2. Nf3 Nc6 3. Bc4 Bc5 4. 0-0 Nf6 5. d3 d6 6. h3 Qe7 7. Nc3 h6 8. Be3 Bb6 9. Ne2 Be6 10. Bb5 Bd7 11. Ng3 g5 12. Nh2 0-0-0 13. a4 Rdg8 14. Bxb6 cxb6 15. Bxc6 bxc6 16. Ng4 Ne8 17. Ne3 Ng7 18. Nh5 Nxh5 19. Qxh5 Rf8 20. Qf3 h5 21. Nf5 Qf6 22. g4 Rh7 23. Kg2 Rfh8 24. Rh1 Kb7 25. b3 Bxf5 26. exf5 a5 27. Qe3 hxg4 28. hxg4 Rh4 29. Qg3 R8h6 30. Rxh4 Rxh4 31. Rh1 Rxh1 32. Kxh1 Qh8+ 33. Kg2 f6 34. d4 Qg8 35. c4 Qd8 36. Qd3 Qe7 37. d5 Qc7 38. Kf3 cxd5 39. Qxd5+ Qc6 40. Ke3 Qxd5 41. cxd5 b5 42. Kd3 Kb6 43. f3 bxa4 44. bxa4 Kc5 45. Ke4 Kc4 46. Ke3 Kxd5 47. Kd3 Kc5 48. Kc3 d5 49. Kb3 Kd4 0-1

[Event "Agzamov Memorial 03rd"]
[Site "Tashkent"]
[Date "2009.03.17"]
[Round "2"]
[White "Potapov, Alexander1111"]
[Black "Chorshanbieva, Umida"]
[Result "1-0"]
[WhiteElo "2456"]
[BlackElo "2082"]
[PlyCount "61"]
[EventDate "2009.03.15"]
[EventType "swiss"]
[EventRounds "9"]
[EventCountry "UZB"]
[SourceTitle "CBM 129 Extra"]
[Source "ChessBase"]
[SourceDate "2009.05.05"]
[SourceVersion "2"]
[SourceVersionDate "2009.05.20"]
[SourceQuality "1"]

1. d4 d5 2. c4 e5 3. dxe5 d4 4. Nf3 Nc6 5. a3 Bg4 6. Qb3 Rb8 7. Bf4 Nge7 8. Nbd2 Ng6 9. g3 Bc5 10. Qb5 Bb6 11. c5 Qd5 12. b4 a6 13. Qa4 Ba7 14. Bg2 0-0 15. Nh4 Qe6 16. Nxg6 Qxg6 17. Bxc6 Qxc6 18. Qxc6 bxc6 19. Nb3 d3 20. exd3 Bf3 21. 0-0 Be2 22. Nd4 Bxd3 23. Rfd1 Be4 24. e6 Rbc8 25. Re1 f5 26. f3 Bd5 27. Re5 g6 28. Rxd5 cxd5 29. Nc6 Ra8 30. e7 Rfc8 31. Rd1 1-0

[Event "UZB-ch (Women)"]
[Site "Tashkent"]
[Date "2008.05.04"]
[Round "10"]
[White "Chorshanbieva, Umida"]
[Black "Gevorgyan, Irina"]
[Result "0-1"]
[WhiteElo "2078"]
[BlackElo "2126"]
[PlyCount "62"]
[EventDate "2008.05.04"]
[EventType "tourn"]
[EventRounds "11"]
[EventCountry "UZB"]
[SourceTitle "CBM 124 Extra"]
[Source "ChessBase"]
[SourceDate "2008.07.03"]
[SourceVersion "1"]
[SourceVersionDate "2008.07.03"]
[SourceQuality "1"]

1. d4 d5 2. Nf3 Nf6 3. e3 c6 4. Bd3 Bg4 5. Nbd2 Nbd7 6. h3 Bh5 7. b3 e6 8. Bb2 Bd6 9. c4 Qe7 10. Qc2 e5 11. dxe5 Nxe5 12. Nxe5 Bxe5 13. g4 Bg6 14. 0-0-0 0-0-0 15. Nf3 Bxb2+ 16. Kxb2 Bxd3 17. Qxd3 Ne4 18. Nd4 dxc4 19. Qxc4 Nxf2 20. Rdf1 Nxh1 21. Nxc6 bxc6 22. Rxf7 Qe5+ 23. Kb1 Qb5 24. Qe6+ Kb8 25. Qe7 Qd3+ 26. Kb2 Qe2+ 27. Ka3 Qa6+ 28. Kb2 Rd2+ 29. Kc1 Rhd8 30. Rf8 Rd1+ 31. Kb2 Rxf8 0-1

[Event "UZB-ch (Women)"]
[Site "Tashkent"]
[Date "2008.05.04"]
[Round "5"]
[White "Ergasheeva, Sarvinos"]
[Black "Chorshanbieva, Umida"]
[Result "1-0"]
[WhiteElo "2003"]
[BlackElo "2078"]
[PlyCount "121"]
[EventDate "2008.05.04"]
[EventType "tourn"]
[EventRounds "11"]
[EventCountry "UZB"]
[SourceTitle "CBM 124 Extra"]
[Source "ChessBase"]
[SourceDate "2008.07.03"]
[SourceVersion "1"]
[SourceVersionDate "2008.07.03"]
[SourceQuality "1"]

1. c4 Nf6 2. Nc3 g6 3. g3 Bg7 4. Bg2 d6 5. e3 0-0 6. Nge2 c5 7. 0-0 Nc6 8. d4 cxd4 9. exd4 Bf5 10. Be3 Qd7 11. b3 b6 12. Rc1 Rad8 13. a3 e5 14. d5 Ne7 15. f4 Ng4 16. Bd2 exf4 17. Bxf4 Ne5 18. Nd4 Bh3 19. Ne4 Bxg2 20. Kxg2 Nf5 21. Nxf5 Qxf5 22. Qc2 Qd7 23. Bg5 Rc8 24. Nf6+ Bxf6 25. Bxf6 Ng4 26. Bd4 Rfe8 27. Qd2 f5 28. h3 Ne5 29. Rfe1 Re7 30. Bxe5 dxe5 31. b4 Qd6 32. Rc3 Rec7 33. Rec1 Kg7 34. Kh2 Rd7 35. R1c2 Rdc7 36. c5 bxc5 37. bxc5 Rxc5 38. Rxc5 Rxc5 39. Rxc5 Qxc5 40. d6 Qc8 41. d7 Qd8 42. Qd6 Kf7 43. Kg2 Qa8+ 44. Kf2 Qd8 45. a4 h6 46. Ke2 h5 47. h4 e4 48. Kf1 a5 49. Ke2 Kg7 50. Ke3 Kf7 51. Kf4 e3 52. Kxe3 Qe7+ 53. Qxe7+ Kxe7 54. Kf4 Kxd7 55. Kg5 Ke7 56. Kxg6 Ke6 57. Kxh5 Kf6 58. Kh6 f4 59. gxf4 Kf5 60. h5 Kf6 61. f5 1-0

[Event "UZB-ch (Women)"]
[Site "Tashkent"]
[Date "2008.05.04"]
[Round "1"]
[White "Khamrakulova, Iroda"]
[Black "Chorshanbieva, Umida"]
[Result "1/2-1/2"]
[WhiteElo "2199"]
[BlackElo "2078"]
[PlyCount "117"]
[EventDate "2008.05.04"]
[EventType "tourn"]
[EventRounds "11"]
[EventCountry "UZB"]
[SourceTitle "CBM 124 Extra"]
[Source "ChessBase"]
[SourceDate "2008.07.03"]
[SourceVersion "1"]
[SourceVersionDate "2008.07.03"]
[SourceQuality "1"]

1. e4 e5 2. Nf3 Nc6 3. d4 exd4 4. Nxd4 Bc5 5. Nb3 Bb6 6. Nc3 Qf6 7. Qe2 Nge7 8. Be3 0-0 9. 0-0-0 d6 10. h4 Be6 11. Nd5 Bxd5 12. exd5 Bxe3+ 13. Qxe3 Ne5 14. f3 Rfe8 15. Qd2 a5 16. a4 Red8 17. Be2 Nd7 18. Qe3 Nb6 19. Qe4 Qe5 20. Qxe5 dxe5 21. Nc5 Rab8 22. c4 Nf5 23. b3 Nd7 24. Nxd7 Rxd7 25. Bd3 Nd4 26. Kb2 g6 27. Kc3 c5 28. Rhe1 Re8 29. Re3 Rde7 30. Rde1 b6 31. f4 f6 32. d6 Rd7 33. fxe5 Rxe5 34. Rxe5 fxe5 35. Rxe5 Rxd6 36. Be4 Ne2+ 37. Kc2 Nd4+ 38. Kb2 Kg7 39. Re7+ Kh6 40. g4 Re6 41. g5+ Kh5 42. Rxh7+ Kg4 43. Bd3 Nf3 44. Rf7 Ne5 45. Be2+ Kxh4 46. Rf1 Kxg5 47. Kc3 Nc6 48. Rg1+ Kf4 49. Rg4+ Kf5 50. Rg2 Re3+ 51. Bd3+ Ke5 52. Kd2 Rh3 53. Rxg6 Nb4 54. Be2 Rxb3 55. Rxb6 Rb2+ 56. Kd1 Kd4 57. Rh6 Rb1+ 58. Kd2 Rb2+ 59. Kd1 1/2-1/2

[Event "UZB-ch U20 Girls"]
[Site "Tashkent"]
[Date "2007.09.18"]
[Round "6"]
[White "Nadirjanova, Nodira"]
[Black "Chorshanbieva, Umida"]
[Result "1-0"]
[WhiteElo "2104"]
[BlackElo "2065"]
[PlyCount "105"]
[EventDate "2007.09.13"]
[EventType "tourn"]
[EventRounds "9"]
[EventCountry "UZB"]
[SourceTitle "EXT 2015"]
[Source "ChessBase"]
[SourceDate "2014.11.20"]
[SourceVersion "1"]
[SourceVersionDate "2014.11.20"]
[SourceQuality "1"]

1. f4 Nf6 2. Nf3 d6 3. c3 g6 4. Qc2 Bg7 5. e4 0-0 6. d4 c5 7. d5 Nbd7 8. Be2 b6 9. 0-0 Bb7 10. h3 Qc7 11. c4 Rfe8 12. Nc3 a6 13. Bd2 e6 14. a4 exd5 15. exd5 Nh5 16. Bd3 Nhf6 17. Rae1 Nf8 18. Qd1 Rad8 19. Rf2 Bc8 20. Rfe2 Rxe2 21. Rxe2 Bd7 22. Qe1 Re8 23. Rxe8 Nxe8 24. Ng5 h6 25. Nge4 f5 26. Ng3 Qd8 27. Nge2 Nc7 28. Qg3 Qe8 29. b3 b5 30. axb5 axb5 31. Qe3 b4 32. Nd1 Qd8 33. Nf2 h5 34. g3 Kf7 35. Kg2 Qf6 36. Bc2 Qb2 37. Qd3 Ne8 38. Bb1 Nh7 39. Qc2 Qa3 40. g4 hxg4 41. hxg4 Nhf6 42. Bc1 Qa8 43. Ng3 fxg4 44. Qxg6+ Kf8 45. Nf5 Qd8 46. Nxg7 Nxg7 47. Bb2 Nge8 48. Qh6+ Kg8 49. Qg5+ Kf7 50. Bg6+ Kf8 51. Bxe8 Bxe8 52. Bxf6 Qd7 53. Qh6+ 1-0

[Event "UZB-ch U20 Girls"]
[Site "Tashkent"]
[Date "2007.09.17"]
[Round "5"]
[White "Chorshanbieva, Umida"]
[Black "Esonboeva, Gulruhsor"]
[Result "1-0"]
[WhiteElo "2065"]
[BlackElo "1959"]
[PlyCount "101"]
[EventDate "2007.09.13"]
[EventType "tourn"]
[EventRounds "9"]
[EventCountry "UZB"]
[SourceTitle "EXT 2015"]
[Source "ChessBase"]
[SourceDate "2014.11.20"]
[SourceVersion "1"]
[SourceVersionDate "2014.11.20"]
[SourceQuality "1"]

1. e4 e5 2. Nf3 Nc6 3. Bc4 Nf6 4. Ng5 d5 5. exd5 Na5 6. Bb5+ c6 7. dxc6 bxc6 8. Be2 h6 9. Nf3 e4 10. Ne5 Bd6 11. d4 0-0 12. 0-0 Qc7 13. f4 exf3 14. Nxf3 Bg4 15. h3 Bh5 16. Nc3 Bg3 17. b4 Nb7 18. Be3 Nd6 19. Ne5 Bg6 20. Bxh6 Nde4 21. Nxe4 Nxe4 22. Bf4 Bxf4 23. Rxf4 Nc3 24. Qd2 Nd5 25. Nxg6 fxg6 26. Rxf8+ Rxf8 27. Bc4 Qf7 28. Rf1 Qe7 29. Rxf8+ Kxf8 30. Bxd5 cxd5 31. a4 Ke8 32. Kf2 Qf6+ 33. Ke2 Kd7 34. b5 Qe7+ 35. Qe3 Qb4 36. Qe5 Qc4+ 37. Kf3 Qf1+ 38. Kg3 Qf7 39. a5 Kc8 40. b6 Kb7 41. bxa7 Kxa7 42. Qd6 g5 43. Qb6+ Ka8 44. Qd8+ Kb7 45. Qxg5 Ka6 46. Qd8 Qg6+ 47. Kh2 Qe6 48. Qb6+ Qxb6 49. axb6 Kxb6 50. Kg3 Kc6 51. Kf4 1-0

[Event "UZB-ch (Women)"]
[Site "Tashkent"]
[Date "2007.05.13"]
[Round "3"]
[White "Sabirova, Olga"]
[Black "Chorshanbieva, Umida"]
[Result "1-0"]
[WhiteElo "2256"]
[BlackElo "2065"]
[PlyCount "191"]
[EventDate "2007.05.11"]
[EventType "tourn"]
[EventRounds "11"]
[EventCountry "UZB"]
[SourceTitle "EXT 2015"]
[Source "ChessBase"]
[SourceDate "2014.11.20"]
[SourceVersion "1"]
[SourceVersionDate "2014.11.20"]
[SourceQuality "1"]

1. e4 e5 2. Nc3 Nf6 3. Bc4 Bc5 4. d3 c6 5. Nf3 d5 6. exd5 cxd5 7. Bb5+ Bd7 8. Bxd7+ Nbxd7 9. 0-0 0-0 10. d4 exd4 11. Nxd4 Bxd4 12. Qxd4 Qb6 13. Qxb6 Nxb6 14. Be3 Ne4 15. Bd4 Nxc3 16. Bxc3 Rac8 17. Rac1 Rfe8 18. Rfe1 Rxe1+ 19. Rxe1 f6 20. Re2 Kf7 21. Bd4 Nd7 22. f3 b6 23. c3 Nb8 24. Kf1 Nc6 25. Bf2 Rd8 26. Rd2 Ne5 27. Ke1 Nc4 28. Re2 Ne5 29. Kd2 Nc4+ 30. Kc2 Re8 31. Rxe8 Kxe8 32. b3 Ne5 33. a4 Kd7 34. h3 Kc6 35. f4 Nf7 36. b4 a6 37. Kd3 Nd6 38. Bd4 Nc4 39. Kc2 Na3+ 40. Kb3 Nc4 41. Bf2 Nd2+ 42. Kc2 Nc4 43. g4 Na3+ 44. Kd3 Nc4 45. Kd4 Nd6 46. Be3 Nc4 47. Bc1 Nd6 48. f5 b5 49. axb5+ axb5 50. Bf4 h6 51. Be3 Nc4 52. Bf4 Nd6 53. Kd3 Ne4 54. Be3 Ng5 55. Bc5 Nxh3 56. Ke3 Ng5 57. Bf8 Ne4 58. Bxg7 Kd6 59. Bxh6 Nxc3 60. Bf4+ Kc6 61. Bg3 Ne4 62. Bh4 Kd7 63. Kf4 Kd6 64. g5 fxg5+ 65. Bxg5 Nf2 66. Bh6 Ke7 67. Bg5+ Kf7 68. Ke3 Ne4 69. Bh4 Nd6 70. Kf4 Nc4 71. Bf2 Nb2 72. Kg5 Nd3 73. Bc5 Ne1 74. Kf4 d4 75. Ke4 d3 76. Be3 Nc2 77. Bd2 Na3 78. Kxd3 Nc4 79. Bf4 Ke7 80. Bg5+ Kf7 81. Bf4 Ke7 82. Kd4 Kf6 83. Ke4 Kf7 84. Be5 Nd2+ 85. Kd5 Nf3 86. Bc3 Ng5 87. Kc6 Ne4 88. Be5 Nf2 89. Kxb5 Ng4 90. Bd4 Nh6 91. f6 Nf5 92. Ba1 Ke6 93. Kc6 Ne3 94. b5 Nd5 95. b6 Nb4+ 96. Kb5 1-0